| 000 | 00961pam a2200265 a 4500 | ||
|---|---|---|---|
| 001 | 1995895 | ||
| 005 | 20230324111044.0 | ||
| 008 | 900202r19901986flua b 001 0 eng | ||
| 010 | _a 90004119 | ||
| 020 | _a0894644572 (alk. paper) | ||
| 040 |
_aDLC _cDLC _dDLC |
||
| 050 | 0 | 0 |
_aTL716 _b.P725 1990 |
| 082 | 0 | 0 |
_a629.133 _220 _bPRO |
| 100 | 1 |
_aProuty, Raymond W. _9111015 |
|
| 245 | 1 | 0 |
_aHelicopter performance, stability, and control / _cRaymond W. Prouty. |
| 260 |
_aMalabar, Fla. : _bR.E. Krieger Pub. Co., _c1990. |
||
| 300 |
_axii, 731 p. : _bill. ; _c27 cm. |
||
| 500 | _aReprint, with corrections. Originally published: Boston : PWS Engineering, c1986. | ||
| 504 | _aIncludes bibliographical references (p. 709-724) and index. | ||
| 650 | 0 |
_aHelicopters _xAerodynamics. _92123 |
|
| 650 | 0 |
_aStability of helicopters. _9111358 |
|
| 906 |
_a7 _bcbc _corignew _d1 _eocip _f19 _gy-gencatlg |
||
| 942 |
_2ddc _cBK |
||
| 999 |
_c594248 _d594248 |
||